| 000 | 00992nam a22002177a 4500 | ||
|---|---|---|---|
| 008 | 110919s2009 nyu|||||r|||| 001 0 eng d | ||
| 020 | _a0071472908 | ||
| 020 | _a9780071472906 | ||
| 082 |
_222 _a617.026 _bACU |
||
| 245 |
_aAcute Care Surgery : _bA Guide for General Surgeons / _cEditors Vicente H. Gracias...[et] |
||
| 260 |
_aNew York : _bMcGraw-Hill Medical, 2009. _c2009 |
||
| 300 |
_axvii, 446 p. : _bill. ; _c29 cm. |
||
| 650 |
_927317 _aCritical Care _xmethods |
||
| 650 |
_927314 _aSurgical intensive care |
||
| 650 |
_927315 _aSurgical emergencies |
||
| 650 |
_927316 _aEmergency Treatment _xmethods |
||
| 653 |
_bNUR _cSeptember2011 |
||
| 942 |
_2ddc _cNRB |
||
| 999 |
_c16065 _d16065 |
||